| 000 | 00720nam a22002417a 4500 | ||
|---|---|---|---|
| 005 | 20170124110214.0 | ||
| 010 | _a850103 | ||
| 020 | _c00.00 | ||
| 035 | _a850103 | ||
| 037 | _bCen Lib/Ret | ||
| 040 |
_aDPL _bEN |
||
| 082 |
_a301.43 _bRED |
||
| 100 |
_aReddy, V. E _938686 |
||
| 245 |
_aThe out of school youth / _cby V. E. Reddy [and] K. S. Bhat |
||
| 260 |
_aNew Delhi _bSterling Publishers _c1977 |
||
| 270 |
_aA B/9, Safdarjang Enclave _bNew Delhi _e110016 |
||
| 300 |
_axv,299p. _c21cm(Hb) |
||
| 500 | _aIncludes index | ||
| 650 |
_aYouth -- India _918469 |
||
| 650 |
_aIndia -- Social conditions -- 1947- _99198 |
||
| 700 |
_aBhat, K. S _938687 |
||
| 942 |
_2ddc _cEN _h301.43 _mRED |
||
| 999 |
_c133701 _d133701 |
||